Sirat Pak Hazrat Nosha Gunj Bakhas / (Record no. 523756)
[ view plain ]
| 000 -LEADER | |
|---|---|
| fixed length control field | 00516nam a22001697a 4500 |
| 003 - CONTROL NUMBER IDENTIFIER | |
| control field | NUST |
| 038 ## - RECORD CONTENT LICENSOR | |
| Staff Name | waseem |
| 082 ## - DEWEY DECIMAL CLASSIFICATION NUMBER | |
| Classification number | 297.61 |
| Author Mark | KAR |
| 100 ## - MAIN ENTRY--PERSONAL NAME | |
| Personal name | Karmani, Syed Irtiza Ali |
| 9 (RLIN) | 14532 |
| 245 ## - TITLE STATEMENT | |
| Title | Sirat Pak Hazrat Nosha Gunj Bakhas / |
| Statement of responsibility, etc. | Syed Irtiza Ali Karmani |
| 260 ## - PUBLICATION, DISTRIBUTION, ETC. | |
| Place of publication, distribution, etc. | Lahore : |
| Name of publisher, distributor, etc. | Azeem and Sons, |
| Date of publication, distribution, etc. | 2006. |
| 300 ## - PHYSICAL DESCRIPTION | |
| Extent | 240 p. ; |
| 500 ## - GENERAL NOTE | |
| General note | Hardcover. |
| 880 ## - ALTERNATE GRAPHIC REPRESENTATION | |
| Linkage | 100-02\r |
| Title | سید ارتضی علی کرمانی |
| 880 ## - ALTERNATE GRAPHIC REPRESENTATION | |
| Linkage | 245-02\r |
| Title | سیرت پاک حضرت نوشہ گنج بخش / |
| 942 ## - ADDED ENTRY ELEMENTS (KOHA) | |
| Source of classification or shelving scheme | |
| Koha item type | Book |
| Withdrawn status | Lost status | Source of classification or shelving scheme | Damaged status | Not for loan | Permanent Location | Current Location | Date acquired | Total Checkouts | Full call number | Barcode | Date last seen | Price effective from | Koha item type |
|---|---|---|---|---|---|---|---|---|---|---|---|---|---|
| Central Library (CL) | Central Library (CL) | 05/24/2019 | 297.61 KAR | CL-E-2181 | 05/24/2019 | 05/24/2019 | Book |
